000 00865nam a2200265Ia 4500
003 OSt
005 20221005111212.0
006 a|||||r|||| 00| 0
007 ta
008 221004b |||||||| |||| 00| 0 hin d
020 _a9789350002346 (hbk)
_c250
024 _a11878
037 _b327, 20/03/2014, Vani Prakashan
_cTextual
040 _aCRL
_cCRL
_bhin
041 _2hin
_ahin
082 _aO152,3M80,GO, J6;Q1
100 _aप्रेमचन्द
245 0 _aगोदान
246 _aGodāna
260 _aनई दिल्ली
_bवाणी प्रकाशन भारत
_c2011
300 _a371पृ0
_ccm.
650 _aहिन्दी साहित्य
942 _hO152,3M80,GO, J6;Q1
_cTEXL
_2cc
999 _c1021136
_d1021136